00440nam a2200181Ia 4500003000900000008004100009040001300050040001300063041000800076100002600084245004300110250001400153260002100167260000900188300001000197490000600207600004500213IT-RoPAU120407s9999 xx 000 0 und d aIT-RoPAU cIT-RoPAU aita aDiego Mario Tallerico aMaria - Chiesa in Gioacchino da Fiore. aCatanzaro aLa tipomeccanica c1982 c24 cm v2 a" 1° v. 262 p. 2° v. 263- 568 p."